00363 2200157 4500001002100000005001500021035002000036245004400056100002500100250000600125300001200131260002800143082000800171084001400179990001200193INLIS00000000000254520250604123256 a0010-06250001311 aGuyon Demokrasi /cDarminto M ; Sudarto0 aDarminto M ; Sudarto a1 a109 hlm bKombat Publisher,c2005 a300 a300 DAR g a0712328